000 00534nam a22002057a 4500
005 20170306113003.0
008 170306b xxu||||| |||| 00| 0 eng d
020 _a0340809043
_c450.00
040 _aLoreto College
041 _aEnglish
082 _a302.23
_bORL
100 _aOrlebar,Jeremy
245 _aThe practical media dictionary
_cJeremy Orlebar
260 _aLondon
_bArnold
_c2003
300 _avii,197p
_b22cm
650 _aMass media-Dictionary
650 _aJournalism-Dictionary
850 _aLCLIB
942 _cBK
999 _c40934
_d91413